000 00749nam a2200253Ia 4500
003 OSt
005 20220925224305.0
006 a|||||r|||| 00| 0
007 ta
008 220923b |||||||| |||| 00| 0 eng d
020 _a0710070225
037 _cGeneral Book
040 _aRTL
_cRTL
_beng
041 _2eng
_aeng
082 _aY5, L1
100 _aMeszaros Istvan Ed.
_9124455
245 0 _aAspects of history and class consciousness
260 _aLondon
_bRoutledge & Kegan Paul
_c1971
300 _avii,212p
_ccm.
500 _aBibliography: p 199-205; Appendix: p 192-198; Index:P209-212
650 _aSocial Stratification
_9229881
942 _hY5, L1
_cGB
_2CC
999 _c581231
_d581231